| LEADER 00000nam 2200000uu 4500 |
| 001 39155 |
| 003 ULIBM |
| 008 020711s2563 th a 000 0 tha d |
| 060 WX28.JT3 พ765ห 2563
|
| 110 โรงพยาบาลจิตเวชพิษณุโลก
|
| 245 หนังสือที่ระลึกในพิธีเปิดโรงพยาบาลจิตเวชพิษณุโลก:โรงพยาบาลเฉพาะทางด้านสุขภาพจิตและจิตเวช แห่งที่ 20 ของกรมสุขภาพจิต กระทรวงสาธารณสุข/ณวัค วินิจจินดา, บรรณาธิการ
|
| 250 พิมพ์ครั้งที่ 1
|
| 260 กรุงเทพฯ :^bโรงพิมพ์องค์การสงเคราะห์ทหารผ่านศึก,^c2563
|
| 300 127 หน้า :^bภาพประกอบ ;^c29.6 ซม.
|
| 650 สุขภาพจิตและจิตเวช^xโรงพยาบาล--หนังสือที่ระลึก
|
| 650 โรงพยาบาลจิตเวชพิษณุโลก
|
| 999 ^aฐานิตา โสภะสุนทร
|